Ghaseṭi Begama. (Record no. 57535)

MARC details
000 -LEADER
fixed length control field 00498cam a22002051 4500
001 - CONTROL NUMBER
control field sa 64002834
003 - CONTROL NUMBER IDENTIFIER
control field DLC
005 - DATE AND TIME OF LATEST TRANSACTION
control field 20260227112012.0
008 - FIXED-LENGTH DATA ELEMENTS--GENERAL INFORMATION
fixed length control field 881028s1963 xx 000 0 hino
010 ## - LIBRARY OF CONGRESS CONTROL NUMBER
LC control number sa 64002834
035 ## - SYSTEM CONTROL NUMBER
System control number (OCoLC)23554165
040 ## - CATALOGING SOURCE
Original cataloging agency DLC
Transcribing agency MiU
Modifying agency DLC
042 ## - AUTHENTICATION CODE
Authentication code premarc
050 00 - LIBRARY OF CONGRESS CALL NUMBER
Classification number PK1718.K29
Item number G5 1963
100 0# - MAIN ENTRY--PERSONAL NAME
Personal name Kanishka,
Dates associated with a name 1925-
245 10 - TITLE STATEMENT
Title Ghaseṭi Begama.
260 ## - PUBLICATION, DISTRIBUTION, ETC.
Date of publication, distribution, etc. [1963]
300 ## - PHYSICAL DESCRIPTION
Extent 230 p.
Dimensions 23 cm.
600 10 - SUBJECT ADDED ENTRY--PERSONAL NAME
Personal name Ghasiti Begam,
Dates associated with a name -1760
Form subdivision Fiction.

No items available.

Powered by Koha